| 000 | 01143 a2200241 4500 | ||
|---|---|---|---|
| 005 | 20080912113258.0 | ||
| 008 | 080912t xxu||||| |||| 00| 0 hin d | ||
| 010 | _aHIN-79826 | ||
| 020 |
_c150.00 _a8190196006 |
||
| 035 | _aHN-52172 | ||
| 037 | _bD.B.Act / pub | ||
| 082 | _a822 | ||
| 100 | _aतिवारी, मोहन | ||
| 245 |
_aमैं सुभाष बोल रहा हूँ _cमोहन तिवारी _b(तुम मुझे खून दो, मैं तम्हें आजादी दूँगा) |
||
| 246 |
_aMain Subhas bol raha hun _bby Mohan Tiwari |
||
| 260 |
_aइलाहाबाद _bशालिनी प्रकाशन _c2005 |
||
| 270 |
_a17/ए शिवकुटी _bइलाहाबाद |
||
| 300 |
_a160पृ. _c22 सेमी (सजिल्द) |
||
| 650 | _aहिन्दी नाटक | ||
| 650 | _aHindi Play | ||
| 942 |
_adpl _cHN _k822 / तिवारी _2ddc _h822 _mतिवारी |
||
| 999 |
_c3837 _d3837 |
||